Harry Potter: le Choixpeau Magique - Statistiques

Statistiques générales
  • Ce quiz a été pris 155 fois
  • Le résultat moyen est 6 sur 9
Statistiques - réponses
Information Réponse % Correct
Première apparition Harry Potter à l'école des sorciers
99%
Derniere apparition Harry Potter et les Reliques de la Mort
97%
Utilisation Répartit les élèves dans leur maisons
86%
Objet que seul un vrai Gryffondor peut sortir de lui L'épée de Godric Gryffondor
85%
1er proprietaire Godric Gryffondor
65%
Date de création Epoque des fondateurs de Poudlard
38%
2e proprietaire Poudlard
38%
Nom donné aux élèves dont il trouve la maison en plus de 5 minutes Chapeauflou
31%
Createur Les 4 fondateurs
25%
Aucun quiz correspondant
Distribution des résultats
% des personnes avec chaque résultat
Percentile par nombre de réponses
Votre historique - résultats
Vous n’avez pas pris ce quiz